Online
Catalog

Diccionario esencial de la lengua española. (Record no. 26121)

MARC details
000 -CABECERA
campo de control de longitud fija 00554nam a2200193 a 4500
001 - NÚMERO DE CONTROL
campo de control 000026629
005 - FECHA Y HORA DE LA ÚLTIMA TRANSACCIÓN
campo de control 20200930030325.0
008 - DATOS DE LONGITUD FIJA--INFORMACIÓN GENERAL
campo de control de longitud fija 110324s2006 sp d 000 0 spa d
020 ## - NÚMERO INTERNACIONAL ESTÁNDAR DEL LIBRO
Número Internacional Estándar del Libro 8467023147
040 ## - FUENTE DE LA CATALOGACIÓN
Centro catalogador/agencia de origen DO-SdBNP
Lengua de catalogación spa
Centro/agencia transcriptor BNPHU
082 ## - NÚMERO DE LA CLASIFICACIÓN DECIMAL DEWEY
Número de clasificación R 463
Número de documento/Ítem D545e
049 ## - FONDOS LOCALES (OCLC)
Fondos de biblioteca BNPD
245 00 - MENCIÓN DE TÍTULO
Título Diccionario esencial de la lengua española.
260 ## - PUBLICACIÓN, DISTRIBUCIÓN, ETC.
Lugar de publicación, distribución, etc. Madrid :
Nombre del editor, distribuidor, etc. Espasa Calpe,
Fecha de publicación, distribución, etc. 2006.
300 ## - DESCRIPCIÓN FÍSICA
Extensión 1631 ;
Dimensiones 25 cm.
650 #4 - PUNTO DE ACCESO ADICIONAL DE MATERIA--TÉRMINO DE MATERIA
Término de materia o nombre geográfico como elemento de entrada Español
Subdivisión general Diccionarios
9 (RLIN) 12078
710 2# - PUNTO DE ACCESO ADICIONAL--NOMBRE DE ENTIDAD CORPORATIVA
Nombre de entidad corporativa o nombre de jurisdicción como elemento de entrada Real Academia Española
9 (RLIN) 53734
910 ## - DATOS DE OPCIÓN DEL USUARIO (OCLC)
Datos de opción del usuario Validado. Control de calidad MFF
Holdings
Estado de retiro Estado de pérdida Restricciones de uso No para préstamo Código de colección Localización permanente Ubicación/localización actual Ubicación en estantería Fecha de adquisición Número de inventario Total de préstamos Signatura topográfica completa Código de barras Fecha visto por última vez Precio válido a partir de Tipo de ítem Koha Número de copia
        Monografías: Libros y Folletos General General Depósito 24.03.2011 LF1   R 463 D545e 26629-10 25.06.2020 25.06.2020 Préstamo en sala  
      Préstamo restrigido Monografías: Libros y Folletos General General Depósito 24.03.2011 LF1   R 463 D545e 26629-20 25.06.2020 25.06.2020 Préstamo en sala e. 2
        Monografías: Libros y Folletos General General Depósito 24.03.2011 LF1   R 463 D545e 26629-30 25.06.2020 25.06.2020 Préstamo en sala e. 3
        Monografías: Libros y Folletos General General Depósito 24.03.2011 LF1   R 463 D545e 26629-40 25.06.2020 25.06.2020 Préstamo en sala e. 4
      Excluido de préstamo Monografías: Libros y Folletos General General Depósito 10.10.2017 LF1   R 463 D545e 26629-50 25.06.2020 25.06.2020 No se presta e. 5

Powered by Koha